| 000 | 00456nam a22001217a 4500 | ||
|---|---|---|---|
| 999 |
_c18759 _d18759 |
||
| 008 | 210209b xxu||||| |||| 00| 0 eng d | ||
| 050 |
_aGMB1255 _b.L36 2016 c.1 |
||
| 100 | _aLangat, Lydia Chepkoech | ||
| 245 |
_aDeterminants of consumer preferences for health services provided by private hospitals in Nakuru County, Kenya _cLydia Chepkoech Langat |
||
| 260 |
_aKabarak, Nakuru, Kenya _bKabarak University _c2016 |
||
| 300 | _a69 leaves | ||
| 942 |
_2lcc _cTHE |
||